|
|
|
|
| LEADER |
00000cam a22000004a 4500 |
| 001 |
musev2_943 |
| 003 |
MdBmJHUP |
| 005 |
20230905040141.0 |
| 006 |
m o d |
| 007 |
cr||||||||nn|n |
| 008 |
990114s1999 alu o 00 0 eng d |
| 010 |
|
|
|z 99006033
|
| 020 |
|
|
|a 9780817313456
|
| 020 |
|
|
|z 9780817309688
|
| 020 |
|
|
|z 9780817311568
|
| 035 |
|
|
|a (OCoLC)47010581
|
| 040 |
|
|
|a MdBmJHUP
|c MdBmJHUP
|
| 043 |
|
|
|a n-us-al
|
| 050 |
0 |
4 |
|a F334.B69
|b N448 1999
|
| 082 |
0 |
|
|a 305.8/960730761781
|2 21
|
| 100 |
1 |
|
|a Manis, Andrew Michael.
|
| 245 |
1 |
2 |
|a A Fire You Can't Put Out :
|b The Civil Rights Life of Birmingham's Reverend Fred Shuttlesworth /
|c Andrew M. Manis.
|
| 264 |
|
1 |
|a Tuscaloosa :
|b University of Alabama Press,
|c 1999.
|
| 264 |
|
3 |
|a Baltimore, Md. :
|b Project MUSE,
|c 2012
|
| 264 |
|
4 |
|c ©1999.
|
| 300 |
|
|
|a 1 online resource (576 pages):
|b ill. ;
|
| 336 |
|
|
|a text
|b txt
|2 rdacontent
|
| 337 |
|
|
|a computer
|b c
|2 rdamedia
|
| 338 |
|
|
|a online resource
|b cr
|2 rdacarrier
|
| 490 |
0 |
|
|a Religion and American culture
|
| 504 |
|
|
|a Includes bibliographical references (p. ) and index.
|
| 505 |
0 |
|
|a Preface -- Abbreviations -- Chronology -- Introduction -- Alberta -- Ready -- Bethel -- Agitation -- "Bull"fighting -- Stalemate -- Jailbirds -- Confrontations -- Cataclysm -- "Actionist" -- Epilogue -- Notes -- Bibliography -- Index.
|
| 588 |
|
|
|a Description based on print version record.
|
| 600 |
1 |
0 |
|a Shuttlesworth, Fred L.,
|d 1922-
|
| 650 |
|
0 |
|a Civil rights workers
|z Alabama
|z Birmingham
|v Biography.
|
| 650 |
|
0 |
|a African Americans
|x Civil rights
|z Alabama
|z Birmingham
|x History
|y 20th century.
|
| 650 |
|
0 |
|a Civil rights movements
|z Alabama
|z Birmingham
|x History
|y 20th century.
|
| 651 |
|
0 |
|a Birmingham (Ala.)
|x Race relations.
|
| 655 |
|
7 |
|a Electronic books.
|2 local
|
| 710 |
2 |
|
|a Project Muse.
|e distributor
|
| 830 |
|
0 |
|a Religion and American culture (Tuscaloosa, Ala.)
|
| 830 |
|
0 |
|a Book collections on Project MUSE.
|
| 856 |
4 |
0 |
|z Texto completo
|u https://projectmuse.uam.elogim.com/book/943/
|
| 945 |
|
|
|a Project MUSE - Custom Collection
|
| 945 |
|
|
|a Project MUSE - Archive Complete Foundation
|
| 945 |
|
|
|a Project MUSE - Archive US Regional Studies, South Foundation
|